[Event "R1B3 Albi 2 - Fleurance"]
[Site "?"]
[Date "2003.12.07"]
[Round "3.6"]
[White "Patetif, Daphné"]
[Black "Eb-Levadoux, Yvan"]
[Result "1-0"]
[WhiteElo "1470"]
[BlackElo "1300"]
[EventDate "2003.??.??"]
[PlyCount "45"]

1.e4 e5 2.Nf3 Nf6 3.Nc3 Nc6 4.d4 exd4 5.Nxd4 Bc5 6.Nxc6 bxc6 7.Bd3 O-O 8.
O-O d5 9.Bg5 Be7 10.Bxf6 Bxf6 11.exd5 Bxc3 12.bxc3 cxd5 13.Re1 Qg5 14.Re3 
g6 15.Rg3 Qf6 16.c4 d4 17.Rb1 c5 18.Rb5 Qa6 19.Qa1 Qd6 20.Rg5 f5 21.h4 h6 
22.Rg3 f4 23.Rxg6+ 1-0

[Event "R1B3 Albi 2 - Fleurance"]
[Site "?"]
[Date "2003.12.07"]
[Round "3.5"]
[White "Grondin, Luciano"]
[Black "Tauziède, Jean-Pierre"]
[Result "1/2-1/2"]
[WhiteElo "1370"]
[BlackElo "1590"]
[EventDate "2003.??.??"]
[PlyCount "50"]

1.e4 e6 2.d4 d5 3.exd5 exd5 4.Nf3 Nc6 5.Bb5 Bd7 6.O-O Nf6 7.Re1+ Be7 8.Bg5
O-O 9.c3 a6 10.Ba4 Na5 11.Bxf6 Bxf6 12.Bxd7 Qxd7 13.b3 Nc6 14.Nbd2 Rfe8 
15.Qc2 g6 16.Nf1 Bg7 17.Ng3 Re7 18.Rxe7 Qxe7 19.Re1 Qd7 20.Qe2 Kf8 21.Ng5 
h6 22.Nf3 b5 23.Qd2 Re8 24.Kf1 Rxe1+ 25.Nxe1 b4 1/2-1/2

[Event "R1B3 Albi 2 - Fleurance"]
[Site "?"]
[Date "2003.12.07"]
[Round "3.4"]
[White "Schwarz, Klaus"]
[Black "Reyna, Quentin"]
[Result "1-0"]
[WhiteElo "1600"]
[BlackElo "1499"]
[EventDate "2003.??.??"]
[PlyCount "54"]

1.b4 e5 2.Bb2 d6 3.b5 Nf6 4.c4 b6 5.Nc3 Be6 6.e3 Nbd7 7.Qc2 a6 8.a4 axb5 
9.axb5 Rxa1+ 10.Bxa1 g6 11.Nf3 Qa8 12.Bb2 Bg7 13.Be2 Nc5 14.O-O h6 15.d4 
Bf5 16.Qd1 exd4 17.exd4 Nce4 18.d5 Nxc3 19.Bxc3 O-O 20.Qa1 Ne4 21.Bxg7 f6 
22.Bxf8 Qxf8 23.Re1 g5 24.Bd3 g4 25.Nd4 Ng5 26.Bxf5 c5 27.Ne6 Qf7 1-0

[Event "R1B3 Albi 2 - Fleurance"]
[Site "?"]
[Date "2003.12.07"]
[Round "3.3"]
[White "Lopez, Jacky"]
[Black "Verges, Jean"]
[Result "0-1"]
[WhiteElo "1540"]
[BlackElo "1620"]
[EventDate "2003.??.??"]
[PlyCount "59"]

1.d4 Nf6 2.c4 e6 3.Nc3 Bb4 4.Bg5 h6 5.Bxf6 Qxf6 6.e3 c5 7.Nf3 Nc6 8.Be2 
cxd4 9.exd4 Bxc3+ 10.bxc3 b6 11.O-O Bb7 12.Re1 O-O 13.Qd3 Ba6 14.Qe3 d6 
15.Nd2 Na5 16.Ne4 Qe7 17.Nd2 Rac8 18.Rab1 Nxc4 19.Nxc4 Bxc4 20.Bxc4 Rxc4 
21.d5 e5 22.Qd3 Rfc8 23.Rbc1 Qc7 24.Re3 Ra4 25.Re2 Qc4 26.Qc2 Ra3 27.Qf5 
Rxc3 28.Rce1 Qxe2 29.Qxc8+ Rxc8 30.Rxe2 0-1

[Event "R1B3 Albi 2 - Fleurance"]
[Site "?"]
[Date "2003.12.07"]
[Round "3.2"]
[White "Patetif, Dyanna"]
[Black "Homere, Cédric"]
[Result "1-0"]
[WhiteElo "1710"]
[BlackElo "1499"]
[EventDate "2003.??.??"]
[PlyCount "109"]

1.d4 d5 2.Bg5 Nc6 3.e3 Qd6 4.c3 Bf5 5.Bd3 Qg6 6.Bxf5 Qxg5 7.Qg4 Qxg4 8.
Bxg4 Nf6 9.Bf3 e5 10.Nd2 e4 11.Be2 a6 12.Nh3 Bd6 13.f3 Ne7 14.fxe4 Nxe4 
15.Bf3 Nxd2 16.Kxd2 O-O-O 17.Rhf1 h6 18.Bg4+ f5 19.Bxf5+ Nxf5 20.Rxf5 Bxh2
21.Raf1 Bg3 22.Nf4 Bxf4 23.R1xf4 g5 24.Rf3 Rd6 25.Rf8+ Rxf8 26.Rxf8+ Kd7 
27.Rf7+ Kc6 28.Kd3 Re6 29.Rf5 b5 30.Re5 Rf6 31.Ke2 Kd6 32.e4 dxe4 33.Rxe4 
Re6 34.Kd3 Kd5 35.Rxe6 Kxe6 36.Ke4 c6 37.g4 Kd6 38.b3 c5 39.d5 a5 40.c4 b4
41.Kf5 Ke7 42.Kg6 Kd6 43.Kxh6 Ke5 44.Kxg5 Kd4 45.d6 Kc3 46.d7 Kb2 47.d8=Q 
Kxa2 48.Qxa5+ Kxb3 49.Qxc5 Kc3 50.Qb5 b3 51.c5 Kb2 52.c6 Ka2 53.c7 b2 54.
c8=R Kb1 55.Rb8 1-0

[Event "R1B3 Albi 2 - Fleurance"]
[Site "?"]
[Date "2003.12.07"]
[Round "3.1"]
[White "Aurejac, Pierre"]
[Black "Kukov, Velislav"]
[Result "0-1"]
[WhiteElo "1530"]
[BlackElo "2239"]
[EventDate "2003.??.??"]
[PlyCount "81"]

1.e4 c6 2.d4 d5 3.Nc3 dxe4 4.Nxe4 Bf5 5.Ng3 Bg6 6.h4 h6 7.h5 Bh7 8.Bd3 
Bxd3 9.Qxd3 e6 10.Bf4 c5 11.Nf3 Nc6 12.O-O-O Nf6 13.Ne4 Nd5 14.Bg3 Qa5 15.
a3 Rd8 16.Bh4 Rc8 17.dxc5 Bxc5 18.Nxc5 Qxc5 19.c4 Na5 20.Ne5 Nxc4 21.Nxc4 
Qxc4+ 22.Qxc4 Rxc4+ 23.Kb1 Kd7 24.Rc1 Rhc8 25.f3 Rxc1+ 26.Rxc1 Rxc1+ 27.
Kxc1 Nf4 28.g4 Kc6 29.Kd2 Kd5 30.Be7 e5 31.Bf8 Ne6 32.Be7 Kd4 33.Bb4 g6 
34.Bc3+ Kd5 35.hxg6 fxg6 36.Ke3 h5 37.gxh5 gxh5 38.Kf2 Nf4 39.Ke3 h4 40.
Be1 Ng2+ 41.Kf2 0-1

[Event "R1A3 Montauban - Montech"]
[Site "?"]
[Date "2003.12.07"]
[Round "3.1"]
[White "Gilabert, David"]
[Black "Auge, Jean"]
[Result "0-1"]
[WhiteElo "1640"]
[BlackElo "1930"]
[EventDate "2003.??.??"]
[PlyCount "102"]

1.f4 Nc6 2.Nf3 d6 3.d4 e6 4.e3 Nf6 5.Bd3 Bd7 6.c3 g6 7.O-O Bg7 8.Bd2 h5 9.
Be1 Ne7 10.h3 c6 11.Bh4 Qb6 12.b3 c5 13.Na3 Nfd5 14.Nc4 Qc7 15.Qd2 b5 16.
Bxe7 bxc4 17.Bxd6 Qxd6 18.Bxc4 cxd4 19.cxd4 Bc6 20.Bxd5 Bxd5 21.Ne5 Be4 
22.Rac1 O-O 23.Rc5 Rfc8 24.Rfc1 Rxc5 25.Rxc5 Qd8 26.b4 Rc8 27.Qc3 Rxc5 28.
Qxc5 Bxe5 29.Qxe5 Qa8 30.Qg5 Qc8 31.Qc5 Qb7 32.a3 Bxg2 33.Qg5 Be4 34.Qd8+ 
Kg7 35.Qg5 Bf5 36.Qg2 Be4 37.Qb2 f6 38.h4 a6 39.a4 Kf7 40.b5 axb5 41.Qxb5 
Qxb5 42.axb5 Ke7 43.Kf2 Kd6 44.Ke2 Kc7 45.Kd2 Kb6 46.Kc3 Kxb5 47.Kb3 Kc6 
48.Kb4 Kd6 49.Kc3 Kd5 50.Kd2 Kc4 51.Ke2 Kc3 0-1

[Event "R1A3 Castel/Moissac 1 - Blaye-les-Mines"]
[Site "?"]
[Date "2003.12.07"]
[Round "3.4"]
[White "Gayraud, Christian"]
[Black "Catala, Laurent"]
[Result "0-1"]
[WhiteElo "1580"]
[BlackElo "1680"]
[EventDate "2003.??.??"]
[PlyCount "98"]

1.e4 e5 2.Nf3 Nc6 3.Bc4 Bc5 4.c3 Nf6 5.d4 exd4 6.cxd4 Bb4+ 7.Nc3 d6 8.Qe2 
Bg4 9.Be3 Nxe4 10.O-O Qe7 11.Rac1 Nxc3 12.bxc3 Ba5 13.Rfd1 O-O 14.Rd3 Bb6 
15.Re1 Na5 16.Bb5 c6 17.Ba4 d5 18.Bb3 Nxb3 19.axb3 Rfe8 20.Qd1 Qf6 21.Bd2 
Bc7 22.Rde3 Rxe3 23.Rxe3 Bf4 24.Re2 Bxd2 25.Qxd2 Bxf3 26.gxf3 Qxf3 27.Qe1 
Kf8 28.Re3 Qg4+ 29.Kh1 Qd7 30.Qg1 Re8 31.Rg3 g6 32.h4 Qe7 33.Qh2 h5 34.Re3
Qd7 35.Re5 a6 36.Qf4 Qh3+ 37.Kg1 Qg4+ 38.Qxg4 hxg4 39.Kg2 f5 40.Kg3 Rxe5 
41.dxe5 c5 42.Kf4 Kf7 43.Ke3 Ke6 44.Kf4 d4 45.cxd4 cxd4 46.b4 d3 47.Ke3 
Kxe5 48.Kxd3 b6 49.Ke3 a5 0-1

[Event "R1A3 Castel/Moissac 1 - Blaye-les-Mines"]
[Site "?"]
[Date "2003.12.07"]
[Round "3.3"]
[White "Sangoi, Jean-Jacques"]
[Black "Arlabosse, Nicolas"]
[Result "1/2-1/2"]
[WhiteElo "1750"]
[BlackElo "1600"]
[EventDate "2003.??.??"]
[PlyCount "60"]

1.d4 d5 2.c4 e6 3.Nc3 Nf6 4.f3 Bb4 5.Bg5 Be7 6.e3 b6 7.cxd5 Nxd5 8.Bxe7 
Qxe7 9.e4 Ne3 10.Qd2 Nxf1 11.Kxf1 O-O 12.Nge2 Qf6 13.Kf2 Bb7 14.Rac1 c6 
15.Rhd1 Nd7 16.e5 Qe7 17.Ne4 c5 18.N2g3 Bxe4 19.Nxe4 Rad8 20.f4 f6 21.Kg1 
fxe5 22.dxe5 Nxe5 23.Qe3 Rxd1+ 24.Rxd1 Nc6 25.Ng5 Nd4 26.Qe4 g6 27.Re1 Re8
28.Re3 Kg7 29.Nxh7 Nf5 30.Rh3 Qd6 1/2-1/2

[Event "R1A3 Castel/Moissac 1 - Blaye-les-Mines"]
[Site "?"]
[Date "2003.12.07"]
[Round "3.2"]
[White "Grard, Alain"]
[Black "Rivière, Frédéric"]
[Result "0-1"]
[WhiteElo "1650"]
[BlackElo "1790"]
[EventDate "2003.??.??"]
[PlyCount "110"]

1.e4 c5 2.c3 e5 3.d4 cxd4 4.cxd4 Bb4+ 5.Nc3 Nc6 6.Nf3 exd4 7.Nxd4 Nf6 8.
Nxc6 bxc6 9.Bd3 Qa5 10.Bd2 Ba6 11.Qc2 Bxd3 12.Qxd3 O-O 13.O-O Rfe8 14.Rfe1
Qh5 15.Re3 Re5 16.Rh3 Qg4 17.Rg3 Qe6 18.Re1 Re8 19.a3 Bc5 20.Kh1 Bxf2 21.
Rxg7+ Kxg7 22.Rf1 Bh4 23.g3 Qh3 24.Qf3 R8e7 25.gxh4 Qxf3+ 26.Rxf3 Nxe4 27.
Nxe4 Rxe4 28.Rg3+ Kf6 29.Bg5+ Ke6 30.Bxe7 Kxe7 31.h5 h6 32.Rb3 Rh4 33.Rb7 
Ra4 34.Kg2 f5 35.Rb8 Rh4 36.Rb7 a5 37.b4 axb4 38.a4 b3 39.a5 Ra4 40.Rxb3 
Rxa5 41.Re3+ Kf6 42.Rg3 Ke5 43.Rg6 Ra2+ 44.Kg1 Ke4 45.Rxh6 Kf3 46.h3 Rg2+ 
47.Kh1 Rg5 48.Rh7 d5 49.h6 Rh5 50.Kh2 d4 51.Rh8 c5 52.h7 c4 53.Rc8 Rxh7 
54.Rxc4 d3 55.Rc3 Ke2 0-1

[Event "Nationale IV"]
[Site "?"]
[Date "2003.12.08"]
[Round "3.7"]
[White "Mendi, Eduardo"]
[Black "Aznar, G."]
[Result "1-0"]
[WhiteElo "1499"]
[BlackElo "1500"]
[EventDate "2003.??.??"]
[PlyCount "90"]

1.d4 d5 2.c4 Nf6 3.Nc3 e6 4.Bg5 Be7 5.e3 Nc6 6.cxd5 Nxd5 7.Bxe7 Qxe7 8.a3 
Nf6 9.Bb5 Bd7 10.Nf3 a6 11.Bd3 O-O 12.Qc2 e5 13.O-O exd4 14.exd4 Bg4 15.
Rfe1 Qd7 16.Ne5 Nxd4 17.Qb1 
    ( 17.Nxd7 Nxc2 18.Nxf6+ gxf6 19.Bxc2 )
17...Qd6 18.Bxh7+ Kh8 19.Re3 Rae8 20.Nxg4 Nxg4 21.Rh3 Nh6 22.Be4 c6 23.Kh1
Ne6 24.Qc1 Nf4 25.Rf3 Ne6 26.Qe3 Qe5 27.Rh3 Ng5 28.f4 Qe6 29.fxg5 f5 30.
gxh6 fxe4 31.hxg7+ Kxg7 32.Kg1 Rf6 33.Re1 Ref8 34.Nxe4 Rg6 35.Qd4+ Rff6 
36.Qe3 Rf5 37.Qd4+ Rgf6 38.Rg3+ Kf7 39.h3 Rg6 40.Rxg6 Kxg6 41.Kh2 Rd5 42.
Qf2 Rf5 43.Qg3+ Kh5 44.Qg7 Qe5+ 45.Ng3+ Qxg3+ 1-0

[Event "Nationale IV"]
[Site "?"]
[Date "2003.12.08"]
[Round "3.6"]
[White "Lehman, Denis"]
[Black "Melchy, Julien"]
[Result "0-1"]
[WhiteElo "1650"]
[BlackElo "1499"]
[EventDate "2003.??.??"]
[PlyCount "152"]

1.d4 d5 2.Bf4 c5 3.c3 Nc6 4.Nf3 Qb6 5.b3 Bg4 6.e3 Nf6 7.Bd3 e6 8.Nbd2 cxd4
9.exd4 Be7 10.Qc2 Rc8 11.a3 Bxf3 12.Nxf3 Na5 13.h3 a6 14.b4 Nc4 15.Bxc4 
Rxc4 16.Qa4+ Qc6 17.Qxc6+ Rxc6 18.Rc1 Ne4 19.Bd2 Bd6 20.Ng5 Nf6 $2 
    ( 20...Nxd2 21.Kxd2 Bf4+ 22.Kd3 Bxg5 )
21.Nf3 Nh5 22.Rc2 O-O 23.Ke2 Rfc8 24.Rhc1 Nf4+ 25.Bxf4 Bxf4 26.Kd3 
    ( 26.Nd2 )
26...Bxc1 27.Rxc1 f6 28.g4 h6 29.h4 b6 30.Rc2 g5 31.h5 Kg7 32.Rc1 a5 33.b5
Rc4 34.Rc2 Re8 35.Re2 Ra4 36.Ra2 e5 37.Kd2 exd4 38.Nxd4 Re4 39.f3 Re8 40.
Ra1 Rc4 41.Nf5+ Kh7 42.Nd6 Rd8 43.Nxc4 dxc4+ 44.Kc2 Rd3 45.Rf1 Kg7 46.Re1 
Kf7 47.Re4 Rxf3 48.Rxc4 Ke6 49.Rc6+ Kd5 50.Rxb6 Kc5 51.Rb8 a4 52.b6 Kc6 
53.Rh8 Kxb6 54.Rxh6 Kc5 55.Rh8 Kd6 56.Ra8 Rf4 57.h6 Rxg4 
    ( 57...Rf2+ 58.Kd3 Rh2 )
58.h7 Rh4 59.h8=Q Rxh8 60.Rxh8 g4 61.Rh6 Ke5 62.Kd3 f5 63.Rh5 Kf4 64.Ke2 
g3 65.Rh1 g2 66.Rg1 Kg3 67.Rxg2+ Kxg2 68.c4 f4 69.c5 f3+ 70.Kd3 f2 71.Kc3 
f1=Q 72.Kb4 Qa6 73.Kc3 Qc6 74.Kb4 Kf3 75.Kc4 Ke4 76.Kb4 Kd5 0-1

[Event "Nationale IV"]
[Site "?"]
[Date "2003.12.08"]
[Round "3.4"]
[White "Lacomme, Christophe"]
[Black "Dessirieix, Lionel"]
[Result "1/2-1/2"]
[WhiteElo "1760"]
[BlackElo "1610"]
[EventDate "2003.??.??"]
[PlyCount "101"]

1.d4 Nf6 2.Bf4 c5 3.c3 cxd4 4.cxd4 g6 5.Nc3 Bg7 6.Nf3 O-O 7.e3 d6 8.h3 Qa5
9.Bc4 b6 10.a3 Ba6 11.b4 Qf5 12.Bxa6 Nxa6 13.O-O Rac8 14.Rc1 Nc7 15.Qb3 
Qd7 16.Rc2 Nb5 17.Rfc1 Nxc3 18.Rxc3 Ne4 19.Rxc8 Rxc8 20.Rxc8+ Qxc8 21.Ng5 
Nxg5 22.Bxg5 Qc1+ 23.Kh2 Bxd4 24.Qd5 Be5+ 25.g3 Qc7 26.Bh6 Qc8 27.b5 Bg7 
28.Qc6 Qb8 29.Bxg7 Kxg7 30.Kg2 e6 31.f4 Kf6 32.Kf3 Ke7 33.a4 Qe8 34.Qc3 
Qa8+ 35.e4 d5 36.Qc7+ Ke8 37.e5 d4+ 38.Kf2 Qd5 39.Qb8+ Ke7 40.Qxa7+ Kf8 
41.Qxb6 Qa2+ 42.Kf3 Qb3+ 43.Kg2 Qc2+ 44.Kf1 Qd1+ 45.Kf2 Qd2+ 46.Kf1 Qd3+ 
47.Kf2 Qe3+ 48.Kf1 Qf3+ 49.Ke1 Qxg3+ 50.Kd1 Qd3+ 51.Ke1 1/2-1/2

[Event "Nationale IV"]
[Site "?"]
[Date "2003.12.08"]
[Round "3.3"]
[White "Lafuma, Antoine"]
[Black "Carassus, Jean-Louis"]
[Result "1-0"]
[WhiteElo "1700"]
[BlackElo "1670"]
[EventDate "2003.??.??"]
[PlyCount "81"]

1.e4 e5 2.Nf3 Nc6 3.d4 exd4 4.Nxd4 Nf6 5.Nxc6 bxc6 6.Nc3 Bb4 7.Bd3 d5 8.
exd5 cxd5 9.O-O O-O 10.Bg5 Bb7 11.Qf3 Be7 12.Rfe1 h6 13.Bh4 g5 14.Qe3 Re8 
15.Bxg5 Bd6 16.Qxe8+ Qxe8 17.Rxe8+ Nxe8 18.Bxh6 Nf6 19.Bg5 Ng4 20.h3 Ne5 
21.Nb5 Nc4 22.Nxd6 Nxd6 23.Bf4 Ne8 24.Re1 c5 25.Bb5 Nf6 26.Re7 Bc8 27.Bc6 
Kf8 28.Re1 Bb7 29.Bxb7 Rd8 30.Bg5 Rd7 31.Bxf6 Rxb7 32.Be7+ Rxe7 33.Rxe7 
Kxe7 34.h4 Kf6 35.h5 Kg5 36.g4 a5 37.Kf1 d4 38.Ke2 c4 39.Kd2 a4 40.b3 axb3
41.axb3 1-0

[Event "N4A3 CEIT III - Tarbes"]
[Site "?"]
[Date "2003.12.08"]
[Round "3.5"]
[White "Grebille, Nicolas"]
[Black "Baumgartner, Georges"]
[Result "1/2-1/2"]
[WhiteElo "1630"]
[BlackElo "1580"]
[EventDate "2003.??.??"]
[PlyCount "80"]

1.d4 Nf6 2.c4 g6 3.Nc3 Bg7 4.e4 d6 5.Nf3 O-O 6.Be2 Nc6 7.O-O e5 8.d5 Ne7 
9.Ne1 Ne8 10.Be3 f5 11.f3 f4 12.Bf2 Nf6 13.b4 Bd7 14.c5 a6 15.cxd6 cxd6 
16.Na4 Bxa4 17.Qxa4 b5 18.Qd1 Rc8 19.Rc1 Qd7 20.Nd3 g5 21.Qb3 h5 22.Nxe5 
Qb7 23.Nd3 Nd7 24.Rc2 Nb6 25.Nc5 dxc5 26.bxc5 Nexd5 27.cxb6 Rxc2 28.Qxc2 
Nxb6 29.Qb3+ Kh7 30.Bxb5 axb5 31.Qxb5 Rf6 32.Rb1 Rc6 33.Bxb6 Rxb6 34.Qxb6 
Qxb6+ 35.Rxb6 Bd4+ 36.Kf1 Bxb6 37.Ke2 Kg6 38.Kd3 Kf6 39.Kc4 Ke5 40.h3 h4 
1/2-1/2

[Event "?"]
[Site "?"]
[Date "2004.??.??"]
[Round "?"]
[White "Muratet, Lucas"]
[Black "Egea, C."]
[Result "0-1"]
[WhiteElo "1099"]
[BlackElo "1640"]
[EventDate "2004.??.??"]
[PlyCount "62"]

1.e4 e5 2.Nf3 Nf6 3.Nc3 Bb4 4.a3 Bxc3 5.dxc3 d6 6.Bg5 O-O 7.Bc4 Re8 8.O-O 
Bg4 9.h3 Bh5 10.Qd3 Nbd7 11.Bb5 c6 12.Bc4 d5 13.exd5 e4 14.Qd1 exf3 15.
gxf3 cxd5 16.Bxd5 Qb6 17.b4 Nxd5 18.Qxd5 Re5 19.Qxd7 Rxg5+ 20.Kh2 Bxf3 21.
Rae1 Rg2+ 22.Kh1 Rxf2+ 23.Kg1 Rd2+ 
    ( 23...Rg2+ 24.Kh1 Re2+ 25.Rxf3 Rxe1+ 26.Rf1 Rxf1+ 27.Kh2 Qf2# )
24.Qd4 Rxd4 25.cxd4 Qxd4+ 26.Rf2 Qf4 27.Rxf3 Qxf3 28.c4 Kf8 29.a4 Rd8 30.
Rf1 Qg3+ 31.Kh1 Rd2 0-1

[Event "R2"]
[Site "?"]
[Date "2004.??.??"]
[Round "5"]
[White "Rouqual, Olivier"]
[Black "Nouvel, Denis"]
[Result "0-1"]
[WhiteElo "1380"]
[BlackElo "1530"]
[EventDate "2004.??.??"]
[PlyCount "86"]

1.e4 e5 2.Nf3 Nc6 3.Bc4 Nf6 4.Ng5 d5 5.exd5 Na5 6.Bb5+ c6 7.dxc6 bxc6 8.
Ba4 h6 9.Nh3 Bc5 10.c3 Bxh3 11.b4 Bxg2 12.Rg1 Qd5 13.bxa5 Bf3 14.Qb3 Qd3 
15.Bxc6+ Bxc6 16.Rxg7 Bd5 17.c4 Bxc4 18.Qxd3 Bxd3 19.Nc3 Bg6 20.Nb5 Kf8 
21.Nc7 Kxg7 22.Nxa8 Rxa8 23.Bb2 Bd4 24.Bxd4 exd4 25.Rc1 Re8+ 26.Kf1 Ne4 
27.Rc7 Nxd2+ 28.Kg1 Re1+ 29.Kg2 Be4+ 30.f3 Re2+ 31.Kg3 Bxf3 32.Rxa7 Rg2+ 
33.Kf4 Rg4+ 34.Ke5 Nc4+ 35.Kf5 Nxa5 36.h3 Rg5+ 37.Kf4 Bg2 38.h4 Rd5 39.Kg3
d3 40.a4 d2 41.Kxg2 d1=Q 42.h5 Qe2+ 43.Kg1 Rd1# 0-1

[Event "R2"]
[Site "?"]
[Date "2004.??.??"]
[Round "5"]
[White "Rouqual, Guy"]
[Black "Crozes, Arthur"]
[Result "1-0"]
[WhiteElo "1490"]
[BlackElo "1230"]
[EventDate "2004.??.??"]
[PlyCount "47"]

1.e4 e5 2.f4 Nc6 3.Nf3 f6 4.Bc4 Nh6 5.O-O Bc5+ 6.Kh1 exf4 7.d4 Bb4 8.c3 
Bd6 9.Nh4 Qe7 10.Qh5+ Nf7 11.Bxf4 g5 12.Bxd6 cxd6 13.Nf5 Nd8 14.Nxe7 Kxe7 
15.e5 dxe5 16.dxe5 fxe5 17.Rxf7+ Nxf7 18.Qxf7+ Kd6 19.Qd5+ Kc7 20.Qxe5+ d6
21.Qxh8 Kc6 22.Na3 b5 23.Qe8+ Kc5 24.Qxb5# 1-0

[Event "R2"]
[Site "?"]
[Date "2004.??.??"]
[Round "5"]
[White "Luis, Henri"]
[Black "Luzorgues, Jean-Claude"]
[Result "1-0"]
[WhiteElo "1670"]
[BlackElo "1710"]
[EventDate "2004.??.??"]
[PlyCount "81"]

1.b4 e5 2.Bb2 d6 3.c4 Be6 4.e3 Nf6 5.Nf3 Be7 6.d4 exd4 7.Nxd4 Bg4 8.Qc2 
Nbd7 9.h3 Bh5 10.Bd3 Ne5 11.Be2 Bg6 12.Qa4+ Qd7 13.Qxd7+ Kxd7 14.O-O a6 
15.Rd1 Ke8 16.Nc3 c5 17.bxc5 dxc5 18.Nf3 Nc6 19.Nd5 Kf8 20.Ne5 Nxe5 21.
Nxe7 Kxe7 22.Bxe5 Rhd8 23.Bf3 Ne4 24.Bxg7 f6 25.Rab1 Rab8 26.Rxd8 Kxd8 27.
Bxe4 Bxe4 28.Bxf6+ Ke8 29.Rd1 Rc8 30.f3 Bf5 31.e4 Be6 32.Rb1 Rc7 33.Rc1 b5
34.cxb5 axb5 35.a3 c4 36.Kf2 Rd7 37.Rc3 Kf7 38.Be5 Rb7 39.g4 b4 40.axb4 
Rxb4 41.h4 1-0

[Event "R2"]
[Site "?"]
[Date "2004.??.??"]
[Round "5"]
[White "Delmas, Jean"]
[Black "Hegray, Romain"]
[Result "0-1"]
[WhiteElo "1650"]
[BlackElo "1600"]
[EventDate "2004.??.??"]
[PlyCount "54"]

1.e4 e5 2.Nf3 Nf6 3.Nxe5 d6 4.Nf3 Nxe4 5.Qe2 Qe7 6.d3 Nf6 7.Bg5 Be6 8.Nc3 
Nc6 9.Ne4 d5 10.Nxf6+ gxf6 11.Bd2 Nb4 12.Nd4 O-O-O 13.a3 Na6 14.g3 Qd7 15.
Nxe6 fxe6 16.O-O-O e5 17.h4 Qa4 18.d4 Qxd4 19.Bg5 Qb6 20.Bd2 Nc5 21.Qb5 
Qxb5 22.Bxb5 c6 23.Be2 Ne4 24.Be1 Bc5 25.Rf1 Rhg8 26.g4 Rg7 27.f4 Be3+ 0-1

[Event "Nationale 4 / table 8"]
[Site "?"]
[Date "2004.??.05"]
[Round "7"]
[White "Rouqual, Guy"]
[Black "Massery"]
[Result "1-0"]
[WhiteElo "1490"]
[BlackElo "1540"]
[EventDate "2004.??.??"]
[PlyCount "61"]
[WhiteTeam "Cahors"]
[BlackTeam "Condom"]

1.e4 c6 2.f4 d6 3.Nf3 Bg4 4.h3 Bxf3 5.Qxf3 Nd7 6.d4 e6 7.Be3 e5 8.fxe5 
dxe5 9.Bc4 Ngf6 10.c3 Be7 11.O-O O-O 12.Nd2 Rc8 13.Rad1 Qc7 14.Nb3 b5 15.
Bd3 a5 16.Qg3 g6 17.dxe5 Nxe5 18.Bd4 Bd6 19.Rxf6 c5 20.Rxd6 Nxd3 21.Be5 
Nxe5 22.Qxe5 Rfe8 23.Qf6 a4 24.Rd7 Qxd7 25.Rxd7 Rf8 26.Nd2 b4 27.c4 Rce8 
28.Qd6 Rc8 29.e5 Rce8 30.Ne4 Kg7 31.Qf6+ 1-0

[Event "N4B4 Tournefeuille 2 - Rodez"]
[Site "?"]
[Date "2004.01.18"]
[Round "4.8"]
[White "De Biasi, Robert"]
[Black "Egea, Claude"]
[Result "0-1"]
[WhiteElo "1640"]
[BlackElo "1650"]
[EventDate "2004.??.??"]
[PlyCount "96"]

1.e4 e5 2.Nf3 Nf6 3.Nxe5 d6 4.Nf3 Nxe4 5.d4 Nf6 6.Nc3 Be7 7.Be2 O-O 8.O-O 
c6 9.Bg5 d5 10.a3 Re8 11.Re1 Nbd7 12.Bd3 Nf8 13.h3 Ne6 14.Bxf6 Bxf6 15.Ne2
b6 16.c3 Bb7 17.Qc2 g6 18.Nh2 c5 19.Bb5 Re7 20.Ng4 Bg7 21.Qd2 a6 22.Ba4 b5
23.Bc2 c4 24.f4 f5 25.Ne5 Nf8 26.Ng3 Re8 27.Qf2 Qf6 28.Re2 Bc8 29.Rae1 Ra7
30.b3 Rae7 31.bxc4 bxc4 32.Ba4 Rd8 33.Rb1 Re6 34.Qf3 Rb6 35.Reb2 Rxb2 36.
Rxb2 Qd6 37.Ra2 Qb6 38.Kh2 Be6 39.Nc6 Rd6 40.Ne5 Qb1 41.Qe2 Rb6 42.h4 Qc1 
43.Qf3 Bf6 44.Kh3 Kg7 45.Bc6 Rb1 46.Ba4 Qh1+ 47.Nxh1 Rxh1+ 48.Kg3 Bxh4# 
0-1

[Event "N4B4 Tournefeuille 2 - Rodez"]
[Site "?"]
[Date "2004.01.18"]
[Round "4.7"]
[White "Pinault, Ronan"]
[Black "Bonnavenc, Arnaud"]
[Result "1/2-1/2"]
[WhiteElo "1640"]
[BlackElo "1690"]
[EventDate "2004.??.??"]
[PlyCount "51"]

1.d4 Nf6 2.c4 g6 3.Nc3 Bg7 4.e4 d6 5.f3 O-O 6.Be3 Nbd7 7.Qd2 Re8 8.g4 c5 
9.d5 Nb6 10.h4 h5 11.gxh5 Nxh5 12.Bh6 Bd7 13.Bxg7 Kxg7 14.Bd3 e5 15.Nge2 
Rh8 16.O-O-O Qf6 17.Rdf1 Nf4 18.Nxf4 exf4 19.Qf2 Rh5 20.Rh2 a5 21.Rfh1 a4 
22.a3 Rah8 23.Kd2 Nc8 24.Bf1 Na7 25.Kc1 Rb8 26.Bh3 1/2-1/2

[Event "N4B4 Tournefeuille 2 - Rodez"]
[Site "?"]
[Date "2004.01.18"]
[Round "4.6"]
[White "Cuq, Christian"]
[Black "Fourcade, Philippe"]
[Result "0-1"]
[WhiteElo "1700"]
[BlackElo "1700"]
[EventDate "2004.??.??"]
[PlyCount "70"]

1.b3 d5 2.d4 e6 3.e3 c5 4.Bb2 Nf6 5.Nf3 Nc6 6.Bd3 Nb4 7.O-O Nxd3 8.Qxd3 b6
9.Re1 a5 10.Qd1 Be7 11.Nbd2 O-O 12.c4 Bb7 13.Qc2 Rc8 14.Rac1 h6 15.Qb1 Nh7
16.cxd5 Qxd5 17.Nc4 Bd8 18.e4 Qh5 19.Nd6 Rc7 20.Nxb7 Rxb7 21.e5 Be7 22.Qe4
Rc7 23.d5 exd5 24.Qxd5 Rd8 25.Qc4 Ng5 26.Nxg5 Bxg5 27.f4 Be7 28.Qe4 Rcd7 
29.Qc4 Rd2 30.Qc3 R8d3 31.Qc4 Qg4 32.Qe4 Bh4 33.Qa8+ Rd8 34.h3 Qxf4 35.Rf1
Qe3+ 0-1

[Event "N4B4 Tournefeuille 2 - Rodez"]
[Site "?"]
[Date "2004.01.18"]
[Round "4.5"]
[White "Jacquart, Christian"]
[Black "Donadille, Romuald"]
[Result "1-0"]
[WhiteElo "1860"]
[BlackElo "1720"]
[EventDate "2004.??.??"]
[PlyCount "133"]

1.d4 Nf6 2.Nf3 g6 3.Bf4 Bg7 4.e3 c5 5.c3 cxd4 6.cxd4 Nc6 7.Nc3 Qa5 8.Bc4 
O-O 9.O-O d6 10.h3 e5 11.Bg5 h6 12.Bxf6 Bxf6 13.Ne4 Be7 14.Qb3 Kg7 15.Rfd1
f5 16.Nc3 e4 17.Nh2 g5 18.Nd5 Qd8 19.Nxe7 Qxe7 20.Qc3 g4 21.hxg4 fxg4 22.
Nf1 Qf6 23.Rd2 h5 24.Ng3 Qg6 25.Bd5 Bf5 26.Bxc6 bxc6 27.d5+ Kg8 28.dxc6 h4
29.Nxf5 Qxf5 30.Qc4+ Kh7 31.Qd5 Qg6 32.Qxd6 Rf6 33.Qe7+ Rf7 34.Qxh4+ Kg7 
35.Rd7 Rc8 36.Rxf7+ Kxf7 37.Rc1 Rxc6 38.Rxc6 Qxc6 39.Qh7+ Kf8 40.Qh8+ Kf7 
41.Qh5+ Kf8 42.Qf5+ Ke7 43.Qh7+ Kf8 44.Qxa7 Qc1+ 45.Kh2 Qxb2 46.Qc5+ Kf7 
47.Qf5+ Ke7 48.Qxe4+ Kf7 49.Qf4+ Ke8 50.a4 g3+ 51.Kxg3 Qg7+ 52.Kf3 Qa1 53.
Qd4 Qa2 54.Qe5+ Kd8 55.a5 Qf7+ 56.Qf4 Qh5+ 57.g4 Qxa5 58.Qd6+ Ke8 59.Qe6+ 
Kd8 60.Qf6+ Ke8 61.g5 Qd5+ 62.e4 Qd3+ 63.Kf4 Qe2 64.f3 Qh2+ 65.Kf5 Qh3+ 
66.Kg6 Qd7 67.Qh8+ 1-0

[Event "N4B4 Tournefeuille 2 - Rodez"]
[Site "?"]
[Date "2004.01.18"]
[Round "4.4"]
[White "Besset, Thierry"]
[Black "Josserand, Pascal"]
[Result "1-0"]
[WhiteElo "1750"]
[BlackElo "1860"]
[EventDate "2004.??.??"]
[PlyCount "52"]

1.d4 Nf6 2.f3 d5 3.Nc3 e6 4.e4 c5 5.Bg5 Qb6 6.Bxf6 gxf6 7.exd5 cxd4 8.Ne4 
e5 9.Bd3 f5 10.Nd2 Qa5 11.Ne2 e4 12.fxe4 fxe4 13.Bxe4 Bg4 14.O-O Bh6 15.
Nb3 Qb6 16.Kh1 Be3 17.Bf3 h5 18.Nexd4 Bh6 19.Bxg4 hxg4 20.Qxg4 Nd7 21.
Rae1+ Kd8 22.Rxf7 Qd6 23.Nf5 Ne5 24.Nxd6 Nxg4 25.h3 Be3 26.Rxe3 Nxe3 1-0

[Event "N4B4 Tournefeuille 2 - Rodez"]
[Site "?"]
[Date "2004.01.18"]
[Round "4.3"]
[White "Wehmeier, Manuel"]
[Black "Donadille, Guy"]
[Result "1/2-1/2"]
[WhiteElo "1890"]
[BlackElo "1750"]
[EventDate "2004.??.??"]
[PlyCount "144"]

1.d4 e6 2.c4 Bb4+ 3.Nc3 c5 4.Nf3 cxd4 5.Nxd4 Bxc3+ 6.bxc3 a6 7.g3 Nc6 8.
Bg2 Qa5 9.Bd2 Nge7 10.a4 Qc5 11.Qb3 Na5 12.Qb4 Qxb4 13.cxb4 Nxc4 14.Bc3 d5
15.e3 Bd7 16.Ke2 O-O 17.f4 Rfc8 18.Rhc1 b5 19.a5 Rc7 20.Nb3 f6 21.Nc5 Kf7 
22.Kf2 Bc6 23.g4 Nc8 24.Rd1 Ne7 25.Re1 Nd6 26.Bd4 Nb7 27.Nd3 Bd7 28.Rac1 
Rac8 29.Bc5 Rc6 30.h3 h6 31.Kg3 Nxc5 32.Nxc5 R8c7 33.e4 g6 34.e5 f5 35.Kf2
Ke8 36.Ke3 Kf7 37.Kd4 Ke8 38.Rc3 fxg4 39.hxg4 Bc8 40.Rh1 Ng8 41.Bf1 Rf7 
42.Rf3 Kf8 43.Bd3 Kg7 44.Rc1 Rcc7 45.Rff1 Kh7 46.Ke3 Ne7 47.Rc2 {(=)} 
47...Nc6 48.Rb1 Kg7 49.Rbb2 g5 50.fxg5 hxg5 51.Rh2 Nxe5 52.Be2 Nc4+ 53.
Bxc4 dxc4 54.Rh5 Kf8 55.Rxg5 Rg7 56.Rf2+ Rcf7 57.Rxg7 Kxg7 58.Rd2 Rf8 59.
Rd6 Kf6 60.Nxa6 Bxa6 61.Rxa6 Rc8 62.Kd2 c3+ 63.Kc2 Rc4 64.g5+ Kxg5 65.Rxe6
Rxb4 66.Kxc3 Ra4 67.Re5+ Kf6 68.Rxb5 Ke7 69.Kb3 Ra1 70.Rh5 Kd6 71.Kc4 Kc6 
72.Rh6+ Kb7 1/2-1/2

[Event "N4B4 Tournefeuille 2 - Rodez"]
[Site "?"]
[Date "2004.01.18"]
[Round "4.2"]
[White "Nghiem, Luat"]
[Black "Devos, Hervé"]
[Result "1/2-1/2"]
[WhiteElo "2020"]
[BlackElo "1890"]
[EventDate "2004.??.??"]
[PlyCount "44"]

1.e4 d6 2.d4 Nf6 3.Nc3 g6 4.f3 c6 5.Be3 b5 6.a4 b4 7.Na2 a5 8.c4 Nbd7 9.
Nc1 Ba6 10.Nb3 e5 11.Bd3 Bg7 12.Ne2 O-O 13.O-O d5 14.cxd5 Bxd3 15.Qxd3 
cxd5 16.Ng3 dxe4 17.Nxe4 Nxe4 18.Qxe4 exd4 19.Bxd4 Re8 20.Qd5 Bxd4+ 21.
Qxd4 Qb6 22.Qxb6 Nxb6 1/2-1/2